Performance appraisal in management (Record no. 356491)

000 -LEADER
fixed length control field 00361cam a22001337a 4500
008 - FIXED-LENGTH DATA ELEMENTS--GENERAL INFORMATION
fixed length control field 180718b1972 xxu||||| |||| 00| 0 eng d
082 ## - DEWEY DECIMAL CLASSIFICATION NUMBER
Classification number I5 W674
100 ## - MAIN ENTRY--PERSONAL NAME
Personal name Williams, M.R.
245 ## - TITLE STATEMENT
Title Performance appraisal in management
Statement of responsibility, etc. by M.R. Williams
260 ## - PUBLICATION, DISTRIBUTION, ETC.
Place of publication, distribution, etc. London
Name of publisher, distributor, etc. Heinemann
Date of publication, distribution, etc. 1972
300 ## - PHYSICAL DESCRIPTION
Extent 180p.
650 ## - SUBJECT ADDED ENTRY--TOPICAL TERM
Topical term or geographic name entry element Management
650 ## - SUBJECT ADDED ENTRY--TOPICAL TERM
Topical term or geographic name entry element Employees --Rating of
Holdings
Withdrawn status Lost status Damaged status Not for loan Permanent Location Current Location Date acquired Full call number Barcode Date last seen Price effective from Koha item type
        Indian Institute of Public Administration Indian Institute of Public Administration 1994-01-05 I5 W674 47199 2018-07-21 2018-07-21 Book

Powered by Koha